000 00566nam a2200217 a 4500
001 339
003 CO-ViMGA
008 141112s2004 ck r 000 u spa d
040 _aCO-ViMGA
_bspa
_cCO-ViMGA
082 0 4 _aELZf
100 1 _aElzbieta,
_948096
245 1 0 _aFlon - flon y musina
250 _a2a
260 _aMadrid :
_bS.M,
_c1994
300 _a30 p
490 _aLos piratas, 14
650 1 4 _aANIMALES - CUENTOS INFANTILES
_93279
650 1 4 _aCUENTOS INFANTILES FRANCESES
_92812
650 1 4 _aGUERRA - CUENTOS INFANTILES
_948097
942 _2ddc
_cBK
999 _c12584
_d12584